ফর হুম দি বেল টোলস / (Record no. 78616)
[ view plain ]
| 000 -LEADER | |
|---|---|
| fixed length control field | 01084nam a22002297a 4500 |
| 001 - CONTROL NUMBER | |
| control field | 78616 |
| 003 - CONTROL NUMBER IDENTIFIER | |
| rucl marc code | BD-RjUL |
| 005 - DATE AND TIME OF LATEST TRANSACTION | |
| control field | 20211209083141.0 |
| 008 - FIXED-LENGTH DATA ELEMENTS--GENERAL INFORMATION | |
| fixed length control field | 211021s1964 ii ||||| |||| 00| 0 ben d |
| 035 ## - SYSTEM CONTROL NUMBER | |
| System control number | (BD-RjUL)78842 |
| 040 ## - CATALOGING SOURCE | |
| Original cataloging agency | BD-RjUL |
| Language of cataloging | eng |
| Transcribing agency | BD-RjUL |
| 041 ## - LANGUAGE CODE | |
| Language code of text/sound track or separate title | ben |
| 082 ## - DEWEY DECIMAL CLASSIFICATION NUMBER | |
| Edition number | 23 |
| Classification number | 813.52 |
| Author mark and year | HEF 1964 |
| 100 ## - MAIN ENTRY--PERSONAL NAME | |
| Personal name | হেমিংওয়ে, আর্নেস্ট |
| 9 (RLIN) | 249220 |
| 245 10 - TITLE STATEMENT | |
| Title | ফর হুম দি বেল টোলস / |
| Statement of responsibility, etc. | আর্নেস্ট হেমিংওয়ে ; অনুবাদ জিতেন্দ্রনাত চক্রবর্তী |
| 260 ## - PUBLICATION, DISTRIBUTION, ETC. (IMPRINT) | |
| Place of publication, distribution, etc. | কলিকাতা : |
| Name of publisher, distributor, etc. | মিত্র ও ঘোষ, |
| Date of publication, distribution, etc. | ১৯৬৪ |
| 300 ## - PHYSICAL DESCRIPTION | |
| Pagination | ৬১০ পৃ.; |
| Size | ২২ সেমি. |
| 600 ## - SUBJECT ADDED ENTRY--PERSONAL NAME | |
| Personal name | হেমিংওয়ে, আর্নেস্ট, |
| Dates associated with a name | ১৮৯৯-১৯৬১ |
| General subdivision | যার জন্য ঘণ্টা বাজে |
| Personal name | Hemingway, Ernest, |
| Dates associated with a name | 1899-1961 |
| General subdivision | For whom the bell tolls |
| 700 ## - ADDED ENTRY--PERSONAL NAME | |
| Personal name | চক্রবর্তী, জিতেন্দ্রনাত |
| 942 ## - ADDED ENTRY ELEMENTS (KOHA) | |
| Source of classification or shelving scheme | Dewey Decimal Classification |
| Koha item type | Books |
| Lost status | Source of classification or shelving scheme | Damaged status | Not for loan | Collection code | Permanent Location | Current Location | Shelving location | Date acquired | Source of acquisition | Total Checkouts | Full call number | Date last seen | Copy number | Koha item type |
|---|---|---|---|---|---|---|---|---|---|---|---|---|---|---|
| Dewey Decimal Classification | Not For Loan | Fiction | Central Library, University of Rajshahi | Central Library, University of Rajshahi | Reading Room | 15/08/1973 | Government of India | B 813.52 HEF 1964 | 21/10/2021 | C-1 | Books |